000 00435nam a2200193Ia 4500
005 20240823020806.0
008 240823s9999||||xx |||||||||||||| ||und||
020 _a81-219-2550-9
041 _aENGLISH
082 _A153.69 P6
100 _aShalini Verma
245 0 _aBody Language
250 _a1st
260 _c2006
_bS chand New D
_aNew Delhi
500 _aYES
650 _aBody
_bGeneral
942 _cBK
999 _c175567
_d175567